[Event "Dyfed Open"]
[Site "?"]
[Date "2018.02.17"]
[Round "2"]
[White "Waterfield, John W"]
[Black "Heap, Gerry"]
[Result "0-1"]
[WhiteElo "1919"]
[BlackElo "2086"]
[Annotator "Rudy"]
[PlyCount "108"]
[EventDate "2018.??.??"]

1. e4 g6 2. d4 Bg7 3. Nc3 c5 4. Nf3 cxd4 (4... Qa5) (4... Nc6 {alternatives})
5. Nxd4 Nc6 6. Be3 d6 7. Be2 Nf6 8. f4 (8. O-O) (8. Qd2) (8. Nb3) 8... O-O 9.
Nb3 Be6 10. g4 {the Rabinovich attack} Na5 {best, according to Levy} 11. g5 (
11. f5 Bc4 {causes Bl few difficulties, according to Levy}) 11... Nd7 12. Bd4
Nxb3 (12... f6 $1 {main, recommended by Levy, as Wh's K is still in the centre}
13. h4 fxg5 14. Bxg7 Kxg7 15. f5 {& now Boleslavsky gives} Qb6 $1 {endorsed by
Levy 1981}) 13. axb3 Bxd4 14. Qxd4 Qb6 15. Qxb6 $16 {Stockfish9; main} (15. Qd2
{Komodo11; is what Levy recommends, indicating that Bl has no counter to the
attack along the h file}) 15... Nxb6 16. O-O a6 (16... Bh3 $11 17. Rf3 Bg4 18.
Rf2 Bxe2 19. Rxe2 f6 20. gxf6 Rxf6 21. Rf1 Raf8 $11 {Gutierrez-Oblitas
Guerrero, PER ch, Lima 2002,1-0}) (16... f5 17. Bf3 fxe4 18. Bxe4 d5 19. Bg2
$16 {Waterfield-Brown, WLS ch 2017,109}) 17. f5 (17. Rad1 Rac8 18. Rd2 (18. f5
$16) 18... Kg7 19. Nd5 Bxd5 20. exd5 f6 21. Bg4 f5 22. Bf3 $11 {
Hinrichs-Gollasch, Hamburg St Pauli op 2011,1/2-1/2}) 17... Bd7 18. Rad1 (18.
f6 exf6 19. gxf6 Bc6 20. Rad1 Rad8 21. Rd4 $11 {Rantanen-Loenn, Norrkoeping op
2010,1-0}) 18... gxf5 (18... f6 $11 {Stockfish9}) 19. exf5 (19. Rd4 $11) 19...
f6 20. gxf6 Rxf6 $11 21. Bf3 (21. Bd3) 21... Bxf5 $15 22. Bxb7 Bxc2 23. Rxf6
Bxd1 24. Rf4 (24. Bxa8 exf6 {Bl's centre pwns are split, better than in game
coninuation for Wh} 25. Bb7 Bxb3 26. Bxa6 Kg7 27. Bd3 $11 {Komodo11}) 24... Ra7
25. Bxa6 Bxb3 26. Rb4 (26. Bd3) 26... Rxa6 27. Rxb3 d5 $17 28. Kf2 Kf7 29. Nb5
Nc4 30. Nc7 Rf6+ 31. Ke2 Rh6 (31... e6) 32. h3 (32. Nxd5 Rxh2+ 33. Kd3 Nxb2+
34. Kd4 $17 {and Wh is 2 pawns down}) 32... e6 $19 33. Rf3+ Ke7 34. b4 d4 (
34... Kd7 35. Nb5 Rh4) 35. b5 e5 36. Nd5+ (36. Rb3 Nb6 37. Ra3 Kd7 38. Ra7 Nc8
39. Ra6 Nd6 40. Nd5 Rxh3 41. Nf6+ Ke7 42. Nd5+ Ke6 43. Nf6 Kxf6 44. Rxd6+ Kf5
45. b6 Rb3 $19) 36... Ke6 37. Nc7+ Kd6 38. Na6 e4 39. Rg3 Rf6 (39... d3+) 40.
Nb4 Kc5 (40... Rg6) 41. Rb3 Rg6 42. Ke1 Kxb5 (42... Ne3 43. Na6+ Kc4) 43. Nd3+
Kc6 44. Rb4 exd3 (44... Rg1+ 45. Ke2 (45. Kf2 exd3 46. Kxg1 d2 47. Rb1 Ne3)
45... Rg2+ 46. Ke1 Rc2 47. Nf2 Rc1+ 48. Nd1 (48. Ke2 d3+ 49. Nxd3 Rc2+ 50. Kf1
exd3 $19) 48... Ne3 49. Rxd4 Rxd1+ 50. Rxd1 Nxd1 51. Kxd1 Kd5 $19 {Komodo11})
45. Rxc4+ Kd5 {the doubled pawns create a bit of technical difficulty ibn
providing the K with shelter from R checks} 46. Rc7 (46. Rc8 {as far away as
possible} Rg2 $19 47. Rd8+ Ke4 48. Re8+ Kf4 49. Rf8+ Kg3 50. Rg8+ Kxh3 51. Rh8
Rg7 52. Kd2 Kg4 53. Kxd3 h5 54. Kxd4 h4 $19) 46... Rg1+ (46... Rh6 $19) 47. Kd2
Rg2+ 48. Kd1 h5 $17 49. Rd7+ (49. Rh7 Rg5 50. h4 Rf5 51. Kd2 Ke4 52. Re7+ Kf3
53. Kxd3 Rf4 $19 {Lomonosov tablebases}) 49... Ke4 50. Re7+ Kf3 51. Rd7 d2 (
51... h4 52. Rxd4 $2 Ke3 {threatens the R & mate}) 52. Rxd4 Ke3 53. Rd8 Rg1+
54. Kc2 Rc1+ 0-1

[Event "Dyfed Open"]
[Site "?"]
[Date "2018.02.17"]
[Round "2"]
[White "Moore, Robert"]
[Black "Young, Alan"]
[Result "1/2-1/2"]
[WhiteElo "1840"]
[BlackElo "2036"]
[Annotator "Rudy"]
[PlyCount "105"]
[EventDate "2018.??.??"]

1. Nf3 d5 2. d4 Nf6 3. e3 Bg4 4. Bd3 (4. c4) 4... e6 5. O-O Nbd7 6. Nbd2 c6 7.
Qe2 (7. b3) (7. c3 {more frequent}) 7... Bd6 8. e4 dxe4 9. Nxe4 Nxe4 10. Bxe4 (
10. Qxe4 Nf6 11. Qe2 Qc7 12. h3 Bh5 13. c4 O-O-O 14. Rd1 Rhe8 {Ligart-Kotan,
SVK ch 2005,0-1}) 10... Nf6 11. Bg5 (11. Bd3 Qc7 12. h3) 11... h6 (11... Qc7
12. h3 Nxe4 13. hxg4 Nxg5 14. Nxg5 O-O-O $15 {Komodo11}) 12. Bxf6 Qxf6 13. c3
O-O 14. h3 Bh5 15. Rfe1 $11 a5 16. a4 Rfd8 17. g4 Bg6 18. Kg2 Rd7 19. Bxg6 Qxg6
20. Ne5 (20. Qe4 $11) 20... Bxe5 21. Qxe5 Rd5 (21... Qc2 22. Re2 Qb3 23. Rd2
$11) 22. Qe4 Qxe4+ 23. Rxe4 Rad8 24. Rae1 b5 25. axb5 (25. Kg3 Kf8 26. Ra1 Ke7
27. axb5 Rxb5 28. Re2 $11) 25... cxb5 26. Kf3 Kf8 27. Ke3 Rc8 28. Kd3 Ke7 29.
Re5 Kd6 30. f4 g5 31. f5 Rxe5 32. Rxe5 Rb8 33. fxe6 fxe6 34. Rc5 a4 35. Re5 b4
36. c4 (36. Ra5 a3 37. b3 bxc3 38. Kxc3 Rc8+ 39. Kd3 Rc1 40. Rxa3 Rd1+ 41. Kc2
Rh1 42. b4 Rh2+ 43. Kc1 Kc6 44. Re3 Kb5 45. Rxe6 Rxh3 46. Kc2 Kxb4 47. d5 Kc5
48. d6 Kc6 49. Rg6 $11 {Komodo11}) 36... a3 37. Ra5 (37. c5+ Kd7 38. b3 Rf8 39.
Kc4 Rf3 40. Re2 Rxh3 41. Kxb4 Rd3 42. Kc4 Rg3 43. Ra2 e5 44. Rxa3 Rxg4 45. Kb5
exd4 46. b4 $18 {Komodo11 ; the Wh pawns are more advanced}) 37... axb2 38. Kc2
Rc8 39. Ra6+ Ke7 40. c5 Rd8 (40... e5 $11 {Komodo11}) 41. Ra7+ Kf8 42. Rh7 Rxd4
43. Rxh6 Kf7 44. Kxb2 Rc4 45. Kb3 Rxc5 46. Kxb4 Rd5 47. Kc4 $11 Rd8 48. h4 gxh4
49. Rxh4 Kg6 50. Rh5 Rf8 51. Re5 Rf4+ 52. Kd3 Kf6 53. Re4 1/2-1/2

[Event "Dyfed Open"]
[Site "?"]
[Date "2018.02.17"]
[Round "2"]
[White "Musson, Adam J"]
[Black "Fowler, Hugo"]
[Result "1-0"]
[WhiteElo "2020"]
[BlackElo "1786"]
[Annotator "Rudy"]
[PlyCount "63"]
[EventDate "2018.??.??"]

1. d4 Nf6 2. c4 g6 3. Nc3 d5 4. Nf3 Bg7 5. Qb3 dxc4 6. Qxc4 O-O 7. e4 a6 8. Be2
(8. e5) 8... b5 9. Qb3 c5 10. dxc5 Bb7 11. Be3 {rare, main line theory up to
now} (11. O-O) (11. e5) 11... Nxe4 12. Nxe4 Bxe4 13. O-O Qc7 (13... Nc6) (13...
Bd5) 14. a4 bxa4 15. Rxa4 Bc6 16. Ra3 Rd8 {Komodo11} (16... Nd7 17. Qc2 Rfb8
18. b3 Nf6 19. h3 Nd5 $15 {Wei-De Noskowski, ACT-ch , Belconnen2001,0-1}) 17.
Ng5 Bd5 (17... e6) 18. Bc4 e6 19. Bxd5 Rxd5 (19... exd5 20. Rd1 d4 $11 {
Komodo11}) 20. Qc2 (20. Ne4 Nc6 21. Qb6 Qxb6 22. cxb6 Rb5 23. Nd6 Rxb2 24. Rc1
$14 {Komodo11; the advanced b pawn is dangerous}) 20... Nc6 21. Ne4 Nb4 (21...
Nd4 22. Bxd4 Rxd4 23. h3 Qc6 $15 (23... a5 $15 {Wh's Q side pawns are a little
exposed, & Bl's B is quite effective in keeping the pressure})) 22. Qc4 Rb8 (
22... a5) 23. Nc3 Bxc3 (23... Rh5 24. Bf4 Be5 25. g4 Rh3 26. Bg3 Nc2 27. Ne4
Nxa3 28. bxa3 Kg7 29. Kg2 Rxg3+ 30. hxg3 Qc6 31. g5 $11 {Komodo11}) 24. Rxc3
Rb5 $11 (24... a5 $11) 25. Rb3 Nc6 (25... Qb7 $11 {Komodo11}) (25... Rh5 26. g3
Nd5 27. Bd4 e5 28. Rxb5 axb5 29. Qxd5 exd4 30. Qa8+ Kg7 31. b4 d3 $11 {Komodo11
}) (25... Qa5 26. Ra3 Qc7 27. Rxa6 Nxa6 28. Qxb5 Nxc5 29. Qc4 Qe5 $11 {Komodo11
}) 26. Rxb5 axb5 (26... Ne5 27. Qxd5 exd5 28. Rb4 $16 {Komodo11}) 27. Qxb5 $16
Nd4 28. Bxd4 Rxd4 29. c6 {perhaps a little error to separate the 2 passed
pawns by so much, though advanced passed pawns must be pushed} (29. Rc1 $18 {
Komodo11; the connected pawns will be too strong} Qf4 30. Qf1 Rd2 31. g3 Qe4
32. c6 Rc2 33. Rxc2 Qxc2 34. Qb5 Kg7 35. Qe5+ Kf8 36. Qd6+ Kg7 37. b4 $18)
29... Rd5 (29... Qd6 30. Qa6 Qc5 31. b3 e5 32. Qc8+ Kg7 33. c7 Rd6 34. b4 Qc2
35. Qb8 Rd1 36. Qb5 Rxf1+ 37. Qxf1 Qxc7 38. b5 $14) 30. Qc4 $18 Qb6 31. c7 Rc5
32. c8=Q+ 1-0

[Event "Dyfed Open"]
[Site "?"]
[Date "2018.02.17"]
[Round "2"]
[White "Fowler, Caspian"]
[Black "French, Max"]
[Result "0-1"]
[WhiteElo "1370"]
[BlackElo "1997"]
[Annotator "Rudy"]
[PlyCount "66"]
[EventDate "2018.??.??"]

1. e4 c6 2. d4 d5 3. Nc3 dxe4 4. Nxe4 Bf5 5. Ng3 Bg6 6. h4 h6 7. Nh3 (7. Nf3) (
7. h5 {alternatives}) 7... e6 8. Nf4 Bh7 9. c3 (9. Bc4 {main}) 9... Nf6 10. Bc4
(10. Bd3) 10... Bd6 11. Qf3 (11. Nfh5) (11. Qe2) 11... O-O 12. Nfh5 Nbd7 13.
O-O $146 (13. Be3 {main}) 13... Nxh5 14. Qxh5 Bg6 (14... Kh8 $15) 15. Qg4 Nf6
16. Qf3 Rc8 17. Be3 (17. Re1 $11 {Komodo11}) 17... b5 18. Bb3 Qe7 19. Rfe1 Rfd8
20. Rad1 Rd7 21. a3 $11 (21. a4 Rb7 22. Bc1 a6 $11) 21... Qd8 22. a4 a6 23. Rd2
(23. axb5 axb5 24. Ra1 $11) 23... Be7 (23... b4 $15 {Komodo11}) 24. h5 Bh7 25.
Red1 Qa5 26. Ra1 {(draw?)} (26. axb5 axb5 27. Bf4 $11 {Komodo11}) 26... Qc7 27.
Bf4 Qb6 28. a5 (28. Be5 $11) 28... Qb7 29. Rad1 Rcd8 30. Ba2 (30. Be5) 30... b4
$15 31. Re1 $6 (31. c4 b3 32. Bxb3 Bb4 33. Re2 Rxd4 $17 {Komodo11}) (31. Be5
bxc3 32. bxc3 Qb5 33. Ra1 Qxa5 (33... c5 34. d5 exd5 35. Nf5 Bxf5 36. Qxf5 Qxa5
37. Re2 $11) 34. Qxc6 Nd5 35. Ne2 Bg5 36. Rdd1 (36. f4 Be7 $17) 36... Be7 $17 (
36... Qb5 37. Qxb5 axb5 38. Bb1 b4 39. Bxh7+ Kxh7 40. cxb4 Nxb4 $15 {Komodo11})
) 31... Qb5 (31... b3 32. Bb1 Bxb1 33. Rxb1 Qb5 34. Ra1 c5 $17 {Komodo11}) 32.
Bb3 $2 (32. Be5 Qxa5 $17) 32... bxc3 33. Qxc3 Bb4 {the lurking B} 0-1

[Event "Dyfed Open"]
[Site "?"]
[Date "2018.02.17"]
[Round "2"]
[White "Zeidler, Sven P."]
[Black "Van Kemenade, Julie"]
[Result "1-0"]
[WhiteElo "2165"]
[BlackElo "1692"]
[Annotator "Rudy"]
[PlyCount "75"]
[EventDate "2018.??.??"]

1. e4 (1. d4 d6 2. Nf3 Nd7 3. e4 Ngf6 4. e5 Nd5 5. c4 N5b6 6. Nc3 c5 7. dxc5
dxc5 8. e6 fxe6 9. Ng5 $18 {IC Jones-R Van Kemenade, Dyfed Open 2004,1-0}) 1...
d6 2. d4 Nf6 3. Nc3 c6 4. Nf3 Nbd7 (4... Bg4) (4... g6) (4... Qa5) (4... Qc7)
5. e5 {a dangerous advance for Bl} dxe5 {risky} (5... Nd5 6. Nxd5 cxd5 7. exd6
e6 8. Bd3 (8. Bf4 Qb6 9. Bd3 Bxd6 10. Bxd6 Qxd6 {led to 2 Wh wins}) 8... Bxd6 {
has given Bl quite good chances}) 6. dxe5 Ng4 7. e6 fxe6 (7... Nde5 8. Qxd8+
Kxd8 9. Bf4 $18 {Komodo11, Kaupat-Bieszk, LSS email 2012,1-0}) 8. Ng5 Ngf6 (
8... Nde5 9. Qxd8+ (9. Qe2 {is even stronger} h6 10. Nh3 Qd4 11. f4 g6 12. fxe5
Nxe5 13. Be3 Qb4 14. O-O-O {Hahn-Kratky, LSS email 2012,1-0}) 9... Kxd8 {3-0}
10. h3 $1 {Komodo11} Nf6 11. f4 Ng6 12. Nf7+ Kc7 13. Nxh8 {Lehmann-Bachofner,
Lenk op 2009,1-0}) 9. Nxe6 $18 Qa5 10. Bd2 $146 (10. Bf4 Nd5 11. Qd2 (11. Bd2
$18 {Komodo11}) (11. Qh5+ g6 12. Qg5 Qb4 (12... Nc5 13. Nxc5 Qxc5 14. Nxd5 Qxd5
15. Qxd5 cxd5 16. Be5 Rg8 17. O-O-O e6 $14 {Komodo11}) 13. Bd2 (13. O-O-O Nxf4
14. Nc7+ $18 {Komodo11}) 13... Qd6 14. Nxd5 (14. Nxf8) 14... Qxe6+ 15. Ne3 Bg7
$11 {Yip-Rinaudo, Wld ch U12 girls, Porto Carras 2015,1-0}) 11... N7f6 12. Nxd5
Qxd2+ 13. Bxd2 Nxd5 14. Nxf8 Rxf8 15. f3 Bf5 16. O-O-O $14 {Stankevicius-Barsci
tankevicius-Barsciauskas, LTU ch sf , Vilnius 2012,1/2-1/2}) 10... Qe5+ 11. Qe2
Qxe2+ (11... Kf7 12. Ng5+ Kg8 13. Qxe5 Nxe5 14. f4 Nf7 15. Bc4 e6 16. Nxe6 $18
{Komodo11}) 12. Bxe2 $18 Kf7 13. Bc4 (13. Ng5+ Ke8 14. Bc4 Ne5 15. Bb3) 13...
Ne5 14. Ng5+ Ke8 (14... Kg6 15. Bb3 h6 16. Ne6 $16) 15. Bb3 h6 16. f4 (16. Ne6
Bxe6 17. Bxe6 g5 18. f4 $16) 16... hxg5 17. fxe5 Ng4 18. e6 (18. Ne4 $18 {
Komodo11}) 18... b5 (18... Rxh2 19. Rxh2 Nxh2 20. Bxg5 Ng4 21. O-O-O $18 {
Komodo11}) (18... Rh6 19. Bxg5 Rg6 20. h4 Bxe6 21. O-O (21. O-O-O Bxb3 22. axb3
Nf2 $17) 21... Bxb3 22. axb3 e6 23. Ne4 Be7 24. Bxe7 Kxe7 25. Rae1 Rd8 26. Ng5
Rf6 27. Re4 Nh6 28. Rxf6 Kxf6 29. Rxe6+ Kf5 30. Re2 Kg4 31. Kf2 Kxh4 32. Nf3+
Kh5 33. Re7 g5 34. Rg7 Ng4+ 35. Kg3 Ne3 36. Rxg5+ Kh6 37. c3 Nd1 38. Ne5 Rd2
39. Kh4 Ne3 40. Rg6+ Kh7 41. g4 Rxb2 42. Kg5 $16 {Komodo11}) 19. Bxg5 Rh5 20.
h4 g6 21. Ne2 $18 (21. Ne4 $18) 21... Bg7 (21... Bh6 22. Rh3 $18) 22. Nf4 (22.
c3 Bf6 23. Bc2 Ne5 24. Nf4 Bxg5 25. Nxh5 Bh6 26. Ng3 Bxe6 27. h5 $18 {Komodo11}
) 22... Bxb2 23. Rd1 Bf6 (23... a5 24. c4 Ne3 25. Nxh5 a4 26. Bxe3 axb3 27.
axb3 gxh5 28. O-O $16 {Komodo11}) 24. Nxh5 $18 gxh5 25. Bxf6 (25. O-O) 25...
exf6 26. Rd3 Ke7 27. O-O $16 Rb8 (27... a5 28. a4 Bxe6) 28. Rf5 $18 Bxe6 29.
Rxh5 Bxb3 30. axb3 a5 31. Rh7+ Ke6 32. Rd4 f5 33. Rhd7 Rc8 34. h5 (34. R4d6+
Ke5 35. Rd8 {Komodo11, swaps off a pair of Rs to lessen resistance}) 34... c5
35. R4d6+ Ke5 36. h6 c4 37. bxc4 Rxc4 38. h7 1-0

[Event "Dyfed Open"]
[Site "?"]
[Date "2018.02.17"]
[Round "2"]
[White "Richmond, Jane"]
[Black "Jukes, Sam"]
[Result "1-0"]
[WhiteElo "2097"]
[BlackElo "1762"]
[Annotator "Rudy"]
[PlyCount "93"]
[EventDate "2018.??.??"]

1. e4 e5 2. Nf3 Nc6 3. Bb5 a6 4. Ba4 Nf6 5. O-O b5 6. Bb3 Bc5 (6... Be7) (6...
Bb7) 7. Qe2 (7. c3 {main}) 7... d6 8. c3 Bb6 (8... O-O {main}) 9. a4 (9. d3)
9... Rb8 $146 (9... b4 10. Bxf7+ $1 Kxf7 11. Qc4+ Ke7 12. Qxc6 Rb8 13. Qc4 Be6
14. Qe2 {Giraud-Marchand, FRA ch op, Val d'Isere 2004,1-0}) (9... Bd7 $11 {
Stockfish9}) 10. axb5 axb5 11. d4 $5 (11. Na3 b4 12. Nc4 O-O 13. Nxb6 Rxb6 14.
Bc4 $11 {Komodo11}) 11... exd4 12. cxd4 (12. Qxb5 Bd7 13. Qe2 O-O $15 {Komodo11
}) 12... Nxd4 13. Nxd4 Bxd4 $17 14. Nc3 Bxc3 (14... O-O 15. Nxb5 Be5 $17 16. f4
Bd7 17. Ra5 c6 18. fxe5 Qxa5 19. exf6 Qxb5 20. Qxb5 Rxb5 21. fxg7 Kxg7 22. Rf3
Be6 $17 {Komodo11}) 15. bxc3 O-O 16. Rd1 (16. Bc2 $11) 16... Qe7 $15 17. f3 Be6
18. Bxe6 (18. Bc2) 18... fxe6 (18... Qxe6) 19. e5 (19. Ra5 c6 20. Be3 d5 $15 {
Komodo11}) 19... Nd5 20. exd6 Qxd6 $15 21. Rd3 Qb6+ (21... Ra8 22. Rb1 c6 $17 {
Komodo11}) 22. Kf1 (22. Be3) 22... Nf4 {the N is actually better than the B in
this position} (22... Ra8 23. Rb1 Qc6 24. Bd2 Ra2 $17 {Komodo11}) 23. Bxf4 Rxf4
24. Rad1 $11 Ra8 25. Rd7 (25. Qe5 Rf7 26. Rd8+ Rxd8 27. Rxd8+ Rf8 28. Rd7 Rf7
29. Rd8+ $11 {Komodo11}) 25... Rf6 (25... Qc6 $15 26. Qe5 Rf7) 26. Qe5 Raf8 27.
Rxc7 $14 R6f7 (27... h6) 28. Rxf7 Rxf7 29. Rd6 $16 Qc7 30. Qxe6 {now instead
of a pawn down, Wh is a pawn up} h6 (30... Qe7 31. Qd5 g6 $16) 31. Qd5 $18 Kh7
32. Qd3+ Kg8 33. Rd8+ Rf8 34. Qd5+ Qf7 35. Qxf7+ Kxf7 36. Rxf8+ Kxf8 37. Ke2 {
Wh wins the pawn ending} Ke7 38. Ke3 Kd6 39. Kd4 Kc6 40. f4 Kd6 41. g4 g6 42.
f5 gxf5 43. gxf5 h5 44. h4 Ke7 45. Ke5 Kf7 46. f6 Kf8 47. Kf5 1-0

[Event "Dyfed Open"]
[Site "?"]
[Date "2018.02.17"]
[Round "2"]
[White "Rayner, Francis"]
[Black "Whale, Michael"]
[Result "1-0"]
[WhiteElo "2043"]
[BlackElo "1743"]
[Annotator "Rudy"]
[PlyCount "53"]
[EventDate "2018.??.??"]

1. Nf3 d5 2. c4 e6 3. g3 Nf6 4. d4 Be7 5. Bg2 O-O 6. O-O c6 7. Qc2 Nbd7 8. Rd1
dxc4 {[%emt 0:00:06] unusual to play this, after opting for the closed
variation at move} (8... b6) (8... Ne4) 9. Qxc4 Nb6 10. Qc2 Bd7 {looks odd,
but only move played} 11. Nc3 Nbd5 (11... Rc8) 12. e4 (12. Ne5 Nxc3 13. bxc3
Qb6 14. Rb1 Qc7 15. Qb3 Rab8 16. Bf4 Bd6 17. c4 Nh5 18. c5 Nxf4 19. cxd6 Nxe2+
20. Kh1 {Badzgaradze-Hilario, Wld ch U1) girls, Maribor 2012, 1-0}) 12... Nxc3
13. bxc3 $16 Qa5 14. Rb1 (14. c4 $16) (14. Ne5 $16) 14... c5 15. Re1 b6 $11 16.
d5 exd5 17. exd5 Bd6 (17... Ba4) 18. c4 (18. Bg5 $16 {Komodo11} Nxd5 19. c4 Nb4
20. Qd2 Bf5 21. Rbd1 Nc2 22. Qxa5 bxa5 23. Rxd6 Nxe1 24. Nxe1 $16) 18... Ba4 (
18... Rae8 $11) 19. Qd3 Rae8 20. Bd2 Qa6 21. Bc3 $16 Nd7 22. Ng5 $18 g6 23. h4
(23. Ne6 $1 $18 {Komodo11} fxe6 24. dxe6 Nf6 25. Qxd6 Qxc4 26. Bb2 $18) 23...
Qc8 24. Bh3 (24. Ne6 $1) 24... Qd8 (24... Qc7 25. h5 $18) 25. Ne4 (25. Rxe8
Rxe8 26. Nxf7 Kxf7 27. Be6+ Ke7 28. Qe3 Nf6 29. Qh6 $18 {Komodo11}) (25. f4 $18
{Komodo11}) (25. Bb2 Be5 26. Bxd7 Bxd7 27. Rxe5 Rxe5 28. Bxe5 Bf5 29. Qb3 $18 {
Komodo11}) (25. Ne6 $18 {Komodo11}) 25... Bb8 (25... Be5) 26. Bxd7 $18 Rxe4 27.
Bxa4 1-0

[Event "Dyfed Open"]
[Site "?"]
[Date "2018.02.17"]
[Round "2"]
[White "Taylor, Robert Graham"]
[Black "Jones, Dewi"]
[Result "1-0"]
[WhiteElo "1906"]
[BlackElo "1512"]
[Annotator "Rudy"]
[PlyCount "89"]
[EventDate "2018.??.??"]

1. Nf3 Nf6 2. c4 g6 3. Nc3 Bg7 4. d4 O-O 5. g3 d6 6. Bg2 Nbd7 7. e4 e5 8. h3 a6
(8... c6 {main}) 9. Be3 c5 $146 {problem is it creates Wh invasion points at
d5 & d6} (9... Rb8) (9... exd4) (9... b5) 10. dxe5 dxe5 11. O-O $16 Ne8 $2 (
11... Qe7) 12. Bxc5 $18 Nc7 13. Bxf8 Qxf8 14. Nd5 Ne6 (14... Nxd5) 15. Kh2 Ndc5
(15... a5) 16. Nh4 (16. Nb6) 16... Nd4 17. f4 exf4 18. gxf4 f5 19. e5 $18 Nce6
20. Nb6 Rb8 21. Nxc8 (21. Bd5 Nc6 22. Nxc8 Qxc8 23. Bxe6+ Qxe6 24. Qd5 Qxd5 25.
cxd5 $18 {Komodo11}) 21... Qxc8 (21... Rxc8) 22. Bd5 Kh8 23. Nf3 Qc5 24. Nxd4
Nxd4 25. Qd2 Qb6 26. Rad1 Nc6 27. Bxc6 Qxc6 28. Qd6 Qe8 29. Rf2 (29. Qd7) (29.
e6) 29... Bh6 30. Kg3 Bf8 31. Qd7 Bc5 32. Qxe8+ Rxe8 33. Rfd2 $18 Re7 34. Rd8+
Kg7 35. R1d7 Kf7 36. Rxe7+ Kxe7 37. Rd5 (37. Rh8 {simplest}) 37... b6 38. Kf3
a5 39. a3 Ke8 40. Rd1 Ke7 41. Rb1 a4 42. b4 axb3 43. Rxb3 Ke6 44. a4 Bd4 45.
Rb5 1-0

[Event "Dyfed Open"]
[Site "?"]
[Date "2018.02.17"]
[Round "2"]
[White "Haigh, Tony"]
[Black "Leah, Howard"]
[Result "1/2-1/2"]
[WhiteElo "1799"]
[BlackElo "1467"]
[Annotator "Rudy"]
[PlyCount "64"]
[EventDate "2018.??.??"]

1. d4 d5 2. c4 c6 3. Nf3 Nf6 4. cxd5 cxd5 5. Nc3 Bg4 (5... Nc6 {main}) 6. Ne5
Bf5 7. e3 (7. Qb3 $16 {main}) (7. e4 $16) 7... a6 8. Bd3 $146 (8. Qb3 $16) 8...
Bxd3 9. Nxd3 {retreating a well placed N} (9. Qxd3) 9... Nc6 $11 10. O-O e6 11.
Bd2 Bd6 12. Rc1 Rc8 13. f4 (13. f3 {looks more flexible}) 13... O-O 14. Be1 Ne4
15. f5 {aimed at creating holes in the Bl position, it creates more on the Wh
side} (15. Nxe4 dxe4 16. Nc5 Bxc5 17. Rxc5 Ne7 18. Rxc8 Qxc8 19. Qb1 Nd5 20.
Qxe4 Qc4 $11 {Komodo11}) 15... Qg5 $15 16. Qf3 Qh6 (16... exf5 17. Nxd5 g6 18.
h4 Qh6 $15 {komodo11}) 17. Nf4 Bxf4 (17... exf5 $17 18. Ncxd5 (18. Qh3 Bxf4 19.
Rxf4 Qxh3 20. gxh3 Ne7 $17) 18... Nxd4 $19) 18. Qxf4 Qxf4 19. Rxf4 Nb4 $17 20.
Rf3 Nd3 21. Rb1 Nxe1 22. Rxe1 Nxc3 23. bxc3 Rxc3 $17 24. e4 Rc2 (24... Rxf3 25.
gxf3 dxe4 26. fxe4 Rc8 $17 {Komodo11}) 25. exd5 exd5 26. Rb3 b5 27. Ra3 Rc6 (
27... Rfc8 28. Rxa6 h6 $17 {Komodo11}) 28. Re7 Ra8 29. Rd7 Kf8 (29... g5 $15 {
Komodo11}) 30. Rxd5 $11 Rc4 (30... Rac8) 31. Rxb5 Rxd4 (31... axb5 32. Rxa8+
Ke7 33. Ra7+ Kf6 34. Rb7 $11 {Komodo11}) 32. Rba5 Rd6 {(draw?)} 1/2-1/2

[Event "Dyfed Open"]
[Site "?"]
[Date "2018.02.17"]
[Round "2"]
[White "Williams, A. Howard"]
[Black "Hurn, Robert AJ"]
[Result "1-0"]
[WhiteElo "2274"]
[BlackElo "1592"]
[Annotator "Rudy"]
[PlyCount "73"]
[EventDate "2018.??.??"]

1. d4 Nf6 2. c4 e6 3. g3 d5 4. Nf3 dxc4 5. Bg2 c5 (5... a6) (5... Nc6) 6. O-O
Nc6 7. Qa4 (7. Ne5 {alternative}) 7... a6 (7... Bd7) (7... cxd4 {which gets
quite complex} 8. Nxd4 Qxd4 9. Bxc6+ Bd7 10. Rd1 Bxc6 (10... Qxd1+ 11. Qxd1
Bxc6) 11. Qxc6+ bxc6 12. Rxd4 {complicated theory}) 8. Ne5 Nd5 (8... Bd7) 9.
Nxc6 bxc6 10. dxc5 $14 (10. Bxd5 Qxd5 11. Nc3 Qd7 12. dxc5 Bxc5 13. Qxc4 Qd4
14. Qxd4 Bxd4 15. Rd1 Bxc3 16. bxc3 Ke7 17. Ba3+ Kf6 18. Rd6 Bb7 19. Rd7 Rab8
20. Rb1 Ba8 {Schmitt-Kuehnel. GER ch U12, Willingen 2007,1/2-1/2}) 10... Bd7 (
10... Rb8 11. e4 $18 {Komodo11}) 11. e4 (11. Qxc4 $18) 11... Ne7 (11... Nf6)
12. Qxc4 $18 Qc7 13. Be3 g6 14. Nd2 Bg7 15. Qc2 O-O 16. Nc4 Rab8 17. Rad1 Nc8
18. b3 {Bl has a severe lack of space} e5 19. f4 Be6 20. f5 (20. Nxe5 $5) 20...
Bxc4 21. Qxc4 Qb7 (21... a5 $5) 22. Rf2 (22. f6 $18 {Komodo11}) 22... Na7 23.
Rfd2 (23. Bh3) (23. f6) 23... Qb5 24. Bf1 (24. Rd6 Qxc4 25. bxc4 Rfe8 26. f6
$18 {Komodo11}) 24... Qa5 (24... Qxc4 25. Bxc4 Nb5 26. Rd7 $18 {Komodo11, Wh
controls all the key lines}) 25. Qxa6 Qc3 (25... Qxa6 26. Bxa6 Nb5 27. Bxb5
cxb5 28. c6 $18 {Komodo11}) 26. Rd3 Qb4 27. Qxa7 Qxe4 28. Bg2 (28. fxg6) 28...
Qxf5 29. Qd7 (29. Bxc6) 29... Qh5 30. Qxc6 Qe2 31. Qf3 (31. Qd5 Qxa2 32. c6 {
Komodo11}) 31... Qxa2 32. c6 Qc2 (32... Rxb3 33. Rxb3 Qxb3 34. Bc5 Qxf3 35.
Bxf3 Rc8 36. Rd7 $18 {Komodo11}) 33. Qf2 Qxf2+ 34. Bxf2 Rfc8 35. Ba7 Ra8 36.
Bb6 h5 37. c7 (37. Rd8+) 1-0

[Event "Dyfed Open"]
[Site "?"]
[Date "2018.02.17"]
[Round "2"]
[White "Brown, Thomas"]
[Black "Morgans, Justin"]
[Result "1-0"]
[WhiteElo "2085"]
[BlackElo "1668"]
[Annotator "Rudy"]
[PlyCount "75"]
[EventDate "2018.??.??"]

1. d4 f5 2. g3 Nf6 3. Bg2 e6 4. c4 c6 5. Nf3 d5 6. O-O Bd6 7. b3 O-O (7... Qe7)
8. Ba3 Ne4 (8... Bxa3) 9. Bxd6 Qxd6 10. Ne5 (10. Qc2 Nd7 11. Nbd2 {main}) 10...
Nd7 11. f3 (11. Nxd7) 11... Nef6 (11... Nxe5 12. fxe4 Ng4 13. e5 Qd7 14. Qd3
dxc4 15. bxc4 Rd8 16. Rd1 Qc7 17. Qb3 Qb6 18. Rd3 Bd7 19. h3 Nh6 20. Nd2 {
Pospisil-Mejzlik,CZE ch tm 2009,1-0}) 12. f4 Ne4 $11 13. Bxe4 fxe4 14. Nc3 Nxe5
15. c5 Qe7 16. fxe5 $11 {but Bl will have trouble with a bad B vs a N} Bd7 17.
Qd2 Rf5 18. Rxf5 exf5 19. Rf1 Rf8 20. h4 h6 21. e3 Be8 (21... g5 22. Qh2 Kg7
23. Kf2 $14 {Komodo11}) 22. Ne2 g5 23. hxg5 Qxg5 (23... hxg5 24. Rf2 Bh5 25.
Rh2 Bf3 $11 {Komodo11}) 24. Kf2 $14 (24. Kh2 $16 {Komodo11}) (24. Nf4 Qxg3+ 25.
Qg2 Qg4 26. Kf2 Qxg2+ 27. Kxg2 Rf7 28. Rh1 Rh7 29. Kg3 Kf8 30. b4 $16 {Komodo11
}) 24... Bh5 25. Rh1 {gives Bl the chance to swap off his bad B} (25. Nf4)
25... Kh7 (25... Bxe2 26. Qxe2 Kh7 $11 {Komodo11}) (25... Qg4 26. Ng1 Kh7 27.
Rh4 Qg6 28. Kf1 Bg4 29. Qa5 Qg5 $11 {Komodo11}) 26. Nf4 $18 {Komodo11 &
Stockfish9} Bf3 $2 27. Ne6 Qe7 28. Nxf8+ Qxf8 29. Rh4 Bg4 30. Qa5 Qb8 31. e6 b6
32. Qa3 b5 33. e7 h5 34. Qa5 f4 35. gxf4 Qg8 36. Qd8 Qg7 37. e8=Q Bf3 38. Rxh5+
1-0